LEADER 01118nam a2200265 i 4500 001 000000210554 003 CaOOAMICUS 005 20120201000000.0 008 120201s1957 it u000 u ita u 013 $a189367 040 $aSeMil$bita 100 1 $aScoppola, Pietro <1926-2007>.$0(OLS)http://semarc/name/22747 245 10$aDal neoguelfismo alla democrazia cristiana /$cPietro Scoppola. 260 $aRoma :$bStudium,$cstampa 1957. 300 $a182 p. ;$c18 cm. 490 0 $aUniversale Studium ;$v51 500 $aContiene : Nota bibliografica. 650 4$aMovimento cattolico - Italia.$0(OLS)http://semarc/subject/2567 650 4$aDemocrazia Cristiana <1943-1994>.$0(OLS)http://semarc/subject/1963 650 4$aNeoguelfismo.$0(OLS)http://semarc/subject/39590 830 0$aUniversale Studium ;$v51.$0(OLS)http://semarc/title/6856 850 $aSeMil 852 $aSeMil$W1$xVenegono$y1$m3N I 782$j263388$B161001$CSeMilBibl$Z2$F172175 $81 996 $6245$aDal neoguelfismo alla democrazia cristiana$9(OLS)http://semarc/title/304350 996 $6260$aRoma :$bStudium$9(OLS)http://semarc/publisher/29617 LEADER 00776nam a2200193 i 4500 001 000000033067 003 CaOOAMICUS 005 20180830125450.0 008 180830s1986 it u000 u ita u 040 $aSeMil$bita 245 10$aStudiare da giornalista. 260 $aRoma :$bOrdine dei giornalisti, Consiglio nazionale,$c1986. 300 $av. ;$c24 cm. 650 4$aGiornalisti.$0(OLS)http://semarc/subject/5296 774 0 $aMorello, Giuseppe$tTeoria e pratica.$g1$w()207620 774 0 $aBovio, Corso$tDiritto, Informazione.$g2$w()248415 774 0 $aBarile, Paolo$tDiritto, Informazione.$g3$w()248416 996 $6245$aStudiare da giornalista$9(OLS)http://semarc/title/44764 996 $6260$aRoma :$bOrdine dei giornalisti, Consiglio nazionale$9(OLS)http://semarc/publisher/39491